| 000 | 00404 a2200169 4500 | ||
|---|---|---|---|
| 003 | OSt | ||
| 005 | 20240118154840.0 | ||
| 008 | 160428b xxu||||| |||| 00| 0 eng d | ||
| 020 | _a8177580981 | ||
| 040 | _c0 | ||
| 082 |
_a658.84091724 _bMAH |
||
| 100 |
_aVijay Mahajan _9119946 |
||
| 245 | _aThe 86 percent solution | ||
| 260 |
_aDelhi _c2006 |
||
| 300 | _a224p | ||
| 942 |
_aNBS _cBK _k658.84091724 _2ddc |
||
| 999 |
_c343296 _d343296 |
||